Quick Pick: Your Noes Quiz Stats

Quiz Updated Mar 16, 2016

Challenge
Share
Tweet
Embed
Score 0/16 Timer 01:30
0 Plays Today
% Correct
Strings
92.6%
Way
91.2%
Country
89.6%
Good
89.2%
Holds
85.5%
More
85.1%
Woman
77.9%
Such
76.9%
% Correct
Reservations
67.9%
Jacket
67.9%
Time
57%
Escape
54.2%
One
46.5%
Rain
40.4%
Air
39.1%
Exit
38.8%

Today's Daily Dose

Missing Word
Brians

On This Day
January 17th

You're not logged in!

Compare scores with friends on all Sporcle quizzes.
Sign Up with Email
OR
Log In

You Might Also Like...

Show Comments

Extras

Top Quizzes Today


Score Distribution

Your Account Isn't Verified!

In order to create a playlist on Sporcle, you need to verify the email address you used during registration. Go to your Sporcle Settings to finish the process.